Normal view
MARC view
- الندوي، سلمان الحسيني؛ اخرجه سيد عبد الماجد الغوري
Entry Personal Name
001 - CONTROL NUMBER
- control field: 14944
003 - CONTROL NUMBER IDENTIFIER
- control field: JO-AjAnu
005 - DATE AND TIME OF LATEST TRANSACTION
- control field: 20230606072702.0
008 - FIXED-LENGTH DATA ELEMENTS
- fixed length control field: 230606|| aca||aabn | a|a d
040 ## - CATALOGING SOURCE
- Original cataloging agency: JO-AjAnu
- Transcribing agency: JO-AjAnu
100 ## - HEADING--PERSONAL NAME
- Personal name: الندوي، سلمان الحسيني؛ اخرجه سيد عبد الماجد الغوري
670 ## - SOURCE DATA FOUND
- Source citation: Work cat.: (JO-AjAnu)7674: الندوي، سلمان الحسيني؛ اخرجه سيد عبد الماجد الغوري, author, المدخل إلى دراسة جامع الترمذي